Pacheco and the witch of the mountain : a graphic ... Read More
Available copies
- 2 of 2 copies available at LARL/NWRL Consortium.
- 2 of 2 copies available at Lake Agassiz Regional Library. (Show preferred library)
Current holds
0 current holds with 2 total copies.
Show Only Available Copies
| Location | Call Number / Copy Notes | Barcode | Shelving Location | Status | Due Date |
|---|---|---|---|---|---|
| Crookston Public Library | J G ZAM (Text) | 33500014229991 | New | Available | - |
| Moorhead Public Library | J G ZAM (Text) | 33500014230007 | New | Available | - |
Record details
- ISBN: 9781524892227
- ISBN: 152489222X
- ISBN: 9781524892180
- ISBN: 1524892181
- Physical Description: 172 pages : color illustrations ; 24 cm
- Publisher: Kansas City, Missouri : Andrews McMeel Publishing, [2025]
- Copyright: ©2025
Content descriptions
| Summary, etc.: | "Welcome to the island of Asunción, home to the ... Read More |
Search for related items by subject
| Genre: | Graphic novels > Juvenile fiction. Witch comics. Paranormal comics. Fantasy comics. Comics (Graphic works) Graphic novels. |
| LDR | 04172cam a2200913 i 4500 | ||
|---|---|---|---|
| 001 | 466772 | ||
| 003 | LARL_NWRL_CONSORTIUM | ||
| 005 | 20250721190104.0 | ||
| 008 | 250612t20252025moua j 6 000 1 eng d | ||
| 010 | . | ‡a 2024945084 | |
| 040 | . | ‡aBRL ‡beng ‡erda ‡cBRL ‡dBRL ‡dOCLCO ‡dOWL ‡dJAS ‡dZAE ‡dOI6 ‡dCPL ‡dJTH ‡dOCLCO ‡dMLSOD | |
| 020 | . | ‡a9781524892227 ‡q(hardcover) | |
| 020 | . | ‡a152489222X ‡q(hardcover) | |
| 020 | . | ‡a9781524892180 ‡q(paperback) | |
| 020 | . | ‡a1524892181 ‡q(paperback) | |
| 035 | . | ‡a(OCoLC)1523215494 | |
| 082 | 0 | 4. | ‡a741.5/987 ‡223/eng/20250626 |
| 100 | 1 | . | ‡aZambrano, Juan E., ‡eauthor, ‡eartist. |
| 245 | 1 | 0. | ‡aPacheco and the witch of the mountain : ‡ba graphic novel / ‡cJuan E. Zambrano. |
| 246 | 3 | 0. | ‡aWitch of the mountain |
| 264 | 1. | ‡aKansas City, Missouri : ‡bAndrews McMeel Publishing, ‡c[2025] | |
| 264 | 4. | ‡c©2025 | |
| 300 | . | ‡a172 pages : ‡bcolor illustrations ; ‡c24 cm | |
| 336 | . | ‡atext ‡btxt ‡2rdacontent | |
| 336 | . | ‡astill image ‡bsti ‡2rdacontent | |
| 337 | . | ‡aunmediated ‡bn ‡2rdamedia | |
| 338 | . | ‡avolume ‡bnc ‡2rdacarrier | |
| 520 | . | ‡a"Welcome to the island of Asunción, home to the most powerful witches--and Pacheco, who dreams of being like them. There's just one problem: commoners, and especially boys, aren't allowed to learn magic. However, once his family's business begins to suffer, Pacheco is certain that magic is the solution. He meets Doris, the so-called fearsome witch of the mountain, and becomes her apprentice. Pacheco soon finds himself caught up in the rules of an old-fashioned witch society and surrounded by magical creatures in need of protection. Pacheco will have to dig deep to muster the courage--and magic--needed to defend what he believes in"--Page 4 of cover. | |
| 650 | 0. | ‡aMagic ‡vComic books, strips, etc. | |
| 650 | 0. | ‡aIdentity (Philosophical concept) ‡vComic books, strips, etc. | |
| 650 | 0. | ‡aWitches ‡vComic books, strips, etc. | |
| 650 | 0. | ‡aWitchcraft ‡vComic books, strips, etc. | |
| 650 | 0. | ‡aBoys ‡vComic books, strips, etc. | |
| 650 | 0. | ‡aMountains ‡vComic books, strips, etc. | |
| 650 | 0. | ‡aOccultism ‡vComic books, strips, etc. | |
| 650 | 0. | ‡aMagic ‡vJuvenile fiction. ‡0(LARL_NWRL_CONSORTIUM)165990 | |
| 650 | 0. | ‡aIdentity (Philosophical concept) ‡vJuvenile fiction. | |
| 650 | 0. | ‡aWitches ‡vJuvenile fiction. ‡0(LARL_NWRL_CONSORTIUM)168005 | |
| 650 | 0. | ‡aWitchcraft ‡vJuvenile fiction. | |
| 650 | 0. | ‡aBoys ‡vJuvenile fiction. | |
| 650 | 0. | ‡aMountains ‡vJuvenile fiction. | |
| 650 | 0. | ‡aOccultism ‡vJuvenile fiction. | |
| 650 | 1. | ‡aMagic ‡vFiction. ‡0(LARL_NWRL_CONSORTIUM)165984 | |
| 650 | 1. | ‡aIdentity ‡vFiction. | |
| 650 | 1. | ‡aWitches ‡vFiction. ‡0(LARL_NWRL_CONSORTIUM)168002 | |
| 650 | 1. | ‡aWitchcraft ‡vFiction. ‡0(LARL_NWRL_CONSORTIUM)176291 | |
| 650 | 1. | ‡aBoys ‡vFiction. ‡0(LARL_NWRL_CONSORTIUM)163658 | |
| 650 | 1. | ‡aMountains ‡vFiction. | |
| 650 | 1. | ‡aOccultism ‡vFiction. ‡0(LARL_NWRL_CONSORTIUM)176290 | |
| 650 | 1. | ‡aCartoons and comics. ‡0(LARL_NWRL_CONSORTIUM)175912 | |
| 650 | 7. | ‡aMagic ‡vComic books, strips, etc. ‡2sears | |
| 650 | 7. | ‡aMagic ‡vFiction. ‡2sears ‡0(LARL_NWRL_CONSORTIUM)165984 | |
| 650 | 7. | ‡aIdentity ‡vComic books, strips, etc. ‡2sears | |
| 650 | 7. | ‡aIdentity ‡vFiction. ‡2sears | |
| 650 | 7. | ‡aWitches ‡vComic books, strips, etc. ‡2sears | |
| 650 | 7. | ‡aWitches ‡vFiction. ‡2sears ‡0(LARL_NWRL_CONSORTIUM)168002 | |
| 650 | 7. | ‡aWitchcraft ‡vComic books, strips, etc. ‡2sears | |
| 650 | 7. | ‡aWitchcraft ‡vFiction. ‡2sears ‡0(LARL_NWRL_CONSORTIUM)176291 | |
| 650 | 7. | ‡aBoys ‡vComic books, strips, etc. ‡2sears | |
| 650 | 7. | ‡aBoys ‡vFiction. ‡2sears ‡0(LARL_NWRL_CONSORTIUM)163658 | |
| 650 | 7. | ‡aMountains ‡vComic books, strips, etc. ‡2sears | |
| 650 | 7. | ‡aMountains ‡vFiction. ‡2sears | |
| 650 | 7. | ‡aSupernatural graphic novels. ‡2sears | |
| 655 | 0. | ‡aGraphic novels ‡vJuvenile fiction. | |
| 655 | 7. | ‡aWitch comics. ‡2lcgft | |
| 655 | 7. | ‡aParanormal comics. ‡2lcgft | |
| 655 | 7. | ‡aFantasy comics. ‡2lcgft | |
| 655 | 7. | ‡aComics (Graphic works) ‡2lcgft | |
| 655 | 7. | ‡aGraphic novels. ‡2lcgft | |
| 905 | . | ‡uvanderl | |
| 901 | . | ‡a466772 ‡bAUTOGEN ‡c466772 ‡tbiblio ‡soclc | |

Add to basket
Permalink
Disable Highlighting